| 000 | 00933nam a22002417a 4500 | ||
|---|---|---|---|
| 005 | 20140825152548.0 | ||
| 008 | 140714b xxu||||| |||| 00| 0 Urdu d | ||
| 010 | _aUR-143 | ||
| 020 |
_c300.00 _a108172210574 |
||
| 035 | _aU-143 | ||
| 037 | _bBPPD/Pub/Ven | ||
| 040 |
_aDPL _bUrdu |
||
| 082 | _a303.625 | ||
| 100 | _aسبھا ش گتا ڑ ے | ||
| 245 |
_aگو ڈ سے کی ا و لا د: بھا ر ت مين بھگو ا د ھشت گر د ی _cسبھا ش گتا ڑ ے |
||
| 246 |
_aGodse ki aulad :Bharat mein Bhagva Dahshat Gardi _bbySubhash Gatade |
||
| 260 |
_bpharos media and Publishing Pvt. Ltd. _c2013 |
||
| 260 | _bk.K.P. (Vender) | ||
| 270 |
_aD-84Abul Fazal Enclave- I,Jamia Nagar _bNew Delhi |
||
| 270 |
_a 4806/24,Bharat Ram Road ,Dariya Ganj, _bNew Delhi (Vender) _e110002 _k011 64527574,Fax47340207,M:9213116968- |
||
| 300 |
_a388ص _c22Cm (Hb) |
||
| 942 |
_2ddc _cUR _e _h303.625 _mس ب ھ |
||
| 999 |
_c87404 _d87404 |
||